Elementos analíticos para la calidad interventora de los sujetos/
Considera el papel del investigador frente a la realidad social, donde existen pluralidad de racionalidades y elementos comprensibles y no comprensibles. Tiene como objetivo revisar cuestiones teóricas y establecer pautas para reflexiones acerca de las vicisitudes del establecimiento de los vínculos...
Guardado en:
| Hovedforfatter: | |
|---|---|
| Format: | Bog |
| Sprog: | Spanish |
| Fag: | |
| Tags: |
Tilføj Tag
Ingen Tags, Vær først til at tagge denne postø!
|
MARC
| LEADER | 00000nam a22000007a 4500 | ||
|---|---|---|---|
| 003 | cru CIDCACS/IIS | ||
| 005 | 20230902184420.0 | ||
| 007 | ta | ||
| 008 | 180124t2012 ag |||||r|||||||| ||spa|d | ||
| 040 | |c cru CIDCACS/IIS | ||
| 100 | 1 | |9 6470 |a Silva, Paula Camara da | |
| 245 | 1 | |a Elementos analíticos para la calidad interventora de los sujetos/ |c Paula Camara da Silva | |
| 300 | |a páginas 19-35 | ||
| 520 | |a Considera el papel del investigador frente a la realidad social, donde existen pluralidad de racionalidades y elementos comprensibles y no comprensibles. Tiene como objetivo revisar cuestiones teóricas y establecer pautas para reflexiones acerca de las vicisitudes del establecimiento de los vínculos sociales, contribuyendo a la discusión sobre la parte de las prácticas sociales constituídas por la cualidad interventora y creadora de lso sujetos. Incluye un apartado sobre perspectivas teóricas en torno a la relación individuo-sociedad; trata autores desde sus diferentes perspectivas: Freud, Durkheim, Weber, Bourdieu. Sec enfoca en posibilidades analíticas en la interpretación y la posición social de los sujetos en una dinámica de interacción social y su intervención, condicionada por el univero simbólico. 09/2022 | ||
| 650 | 0 | 0 | |2 OCDE |9 76 |a TEORIA SOCIAL |
| 650 | 0 | 0 | |2 CIDCSO |9 4171 |a TEORIA SOCIOLOGICA |
| 650 | 0 | 0 | |2 OCDE |9 391 |a COMPORTAMIENTO SOCIAL |
| 773 | 0 | |0 15218 |9 1753 |a Chaguaceda, Armando, |d España : Universidad Veracruzana ; CLACSO |o 18423 |t Sociabilidades emergentes y movilizaciones sociales en América Latina / |w (cru CIDCACS/IIS)47492 |x 9789871891085 |z 9789871891085 | |
| 773 | 0 | |0 15218 |9 1753 |a Chaguaceda, Armando, |d España : Universidad Veracruzana ; CLACSO |o 18423 |t Sociabilidades emergentes y movilizaciones sociales en América Latina / |w (cru CIDCACS/IIS)47492 |x 9789871891085 |z 9789871891085 | |
| 942 | |2 ddc |c LI | ||
| 999 | |c 40864 |d 40864 | ||



